Estrategias del pensar: ensayo y prosa de ideas en América Latina
-д хадгалсан:
| Үндсэн зохиолч: | |
|---|---|
| Формат: | Ном |
| Хэл сонгох: | испани |
| Хэвлэсэн: |
Ciudad de México
Universidad Nacional Autónoma de México
2010
|
| Хэвлэл: | 1a. ed |
| Цуврал: | Literatura y Ensayo en América Latina y El Caribe, 8
|
| Нөхцлүүд: | |
| Шошгууд: |
Шошго нэмэх
Шошго байхгүй, Энэхүү баримтыг шошголох эхний хүн болох!
|
MARC
| LEADER | 00000cam a2200000 a 4500 | ||
|---|---|---|---|
| 001 | UCE3216 | ||
| 003 | CL-VaPUC | ||
| 008 | 140821e20100000mx |||||||||||||||||spa|d | ||
| 020 | |a 9786070205125 | ||
| 082 | 0 | 4 | |a Ar864 |b WEI |2 21 |
| 100 | 0 | |a Weinberg de Magis, Liliana Irene |e author |9 575724 | |
| 245 | 1 | 0 | |a Estrategias del pensar: ensayo y prosa de ideas en América Latina |
| 250 | |a 1a. ed | ||
| 300 | |a 448 p | ||
| 942 | |c BK | ||
| 945 | |d 20140821 14:35:00 |a arojas | ||
| 260 | |a Ciudad de México |b Universidad Nacional Autónoma de México |c 2010 | ||
| 650 | 0 | |a Ensayos argentinos |9 269128 | |
| 650 | 0 | |a Literatura latinoamericana |9 309997 | |
| 650 | 0 | |a Historia y crítica |9 257407 | |
| 583 | |a last modification |c 20140821 14:35:00 |k Rodrigo Vera | ||
| 490 | 0 | |a Literatura y Ensayo en América Latina y El Caribe, 8 | |
| 999 | |c 356639 |d 356637 | ||
| 952 | |0 0 |1 0 |3 erb |4 0 |6 AR_864_000000000000000_WEI_2010 |7 0 |8 A |9 464096 |a BIBEDU |b BIBEDU |h v.2 |i 5095522 |o Ar864 WEI 2010 |p 5095522 |r 2019-11-23 |w 2019-11-23 |y BK |z Catalogado en:20140821 |k LIT | ||